| 000 | 00707cam a22002531 4500 | ||
|---|---|---|---|
| 001 | sa 65005124 | ||
| 003 | DLC | ||
| 005 | 20260227112135.0 | ||
| 008 | 891130s1964 ii 000 0 maro | ||
| 010 | _asa 65005124 | ||
| 025 | _aPL480:I-Mar-879 | ||
| 035 | _a(OCoLC)20713262 | ||
| 040 |
_aDLC _cWaU _dDLC |
||
| 042 | _apremarc | ||
| 043 | _aa-ii--- | ||
| 050 | 0 | 0 |
_aDS485.M34 _bD56 |
| 100 | 1 | _aDiskalkar, D. B. | |
| 245 | 1 | 0 | _aMahārāshṭrācā prācīna itihāsa āṇi sãskr̥ti. |
| 260 | _c[1964] | ||
| 300 |
_a7, 155 p. _c19 cm. |
||
| 440 | 0 |
_aKai. Narasĩha Cĩtāmaṇa Keḷakara smāraka vyākhyānamālā, _v1962 |
|
| 500 | _aIn Marathi. | ||
| 651 | 0 |
_aMaharashtra (India) _xHistory. |
|
| 999 |
_c64129 _d64129 |
||